000
00303nam a2200097Ia 4500
008
231221s9999 xx 000 0 und d
245
0
_a
California Law Review
260
_c
1947
_b
University of California
_a
Berkeley, School of Law (United States)
500
_a
Gratis from NLSIU. Acc. No 5331
942
_c
BD
999
_c
238193
_d
238193